000
00230 a2200097 4500
001
45674
100
_a
James W
245
_a
The principles of psychology
260
_a
Chicago
_b
William Benton publisher
_c
090
_c
28853
_d
28853
942
_a
NUST-CAE
_c
M
_c
20950
999
_c
280747
_d
280747